[Event "Seniors Urfo Championship 2019 blitz"]
[Site "?"]
[Date "2019.04.06"]
[Round "2.1"]
[White "Pozin, Sergey"]
[Black "Radostev, Aleksandr"]
[Result "1-0"]
[WhiteElo "2305"]
[BlackElo "1610"]
[PlyCount "53"]
[EventDate "2019.??.??"]
[EventType "blitz"]

1. d4 f5 2. g3 Nf6 3. Bg2 c6 4. c4 e6 5. Nf3 Bb4+ 6. Bd2 Bxd2+ 7. Nbxd2 O-O 8.
O-O d5 9. Qc2 Nbd7 10. cxd5 cxd5 11. Rac1 b6 12. Qc6 Rb8 13. Qxe6+ Kh8 14. Ng5
Qe8 15. Ndf3 Qxe6 16. Nxe6 Re8 17. Nf4 Bb7 18. e3 g6 19. Rc7 Rec8 20. Rfc1 Ne4
21. Nd3 Ndf6 22. Nfe5 Rxc7 23. Rxc7 a5 24. Nf4 Ba6 25. f3 Ng5 26. h4 Ne8 27.
Ra7 1-0

[Event "Seniors Urfo Championship 2019 blitz"]
[Site "?"]
[Date "2019.04.06"]
[Round "2.2"]
[White "Grigoryeva, Olga"]
[Black "Kolomensky, Vladimir"]
[Result "1/2-1/2"]
[WhiteElo "1697"]
[BlackElo "2197"]
[PlyCount "101"]
[EventDate "2019.??.??"]
[EventType "blitz"]

1. e4 c5 2. c3 d5 3. exd5 Qxd5 4. d4 Nf6 5. Nf3 e6 6. Na3 Qd8 7. Nc2 Nbd7 8.
Bg5 b6 9. Be2 Bb7 10. O-O Be7 11. Ne5 O-O 12. Nxd7 Nxd7 13. Bxe7 Qxe7 14. Bf3
Nf6 15. Bxb7 Qxb7 16. Qe2 cxd4 17. Nxd4 Rfd8 18. Rfd1 Rd5 19. Nf3 Rad8 20. h3
g6 21. b3 b5 22. Kf1 Kg7 23. Ke1 Qc6 24. c4 bxc4 25. bxc4 Rxd1+ 26. Rxd1 Rxd1+
27. Kxd1 Ne4 28. Kc2 Qa4+ 29. Kb2 Qb4+ 30. Ka1 Qc3+ 31. Qb2 Qxb2+ 32. Kxb2 Nxf2
33. c5 Kf8 34. Kc3 Ke7 35. Kd4 f6 36. a4 Kd7 37. Kc4 Kc6 38. Nd4+ Kd7 39. c6+
Kd6 40. c7 Kxc7 41. Nxe6+ Kd6 42. Nf8 Ne4 43. Nxh7 f5 44. Nf8 g5 45. Ng6 Kc6
46. h4 gxh4 47. Nxh4 f4 48. Ng6 f3 49. gxf3 Nd2+ 50. Kb4 Nxf3 51. Ne7+ 1/2-1/2

[Event "Seniors Urfo Championship 2019 blitz"]
[Site "?"]
[Date "2019.04.06"]
[Round "2.3"]
[White "Simonov, Nikolay"]
[Black "Gurianov, Nikolai"]
[Result "1-0"]
[WhiteElo "2096"]
[BlackElo "1526"]
[PlyCount "105"]
[EventDate "2019.??.??"]
[EventType "blitz"]

1. d4 d5 2. Nf3 e6 3. c4 Nf6 4. g3 Be7 5. Bg2 dxc4 6. O-O Bd7 7. Ne5 c6 8. Nxc4
Na6 9. Nc3 Nc7 10. Ne5 O-O 11. Nxd7 Qxd7 12. e4 Rad8 13. Be3 Nb5 14. Nxb5 cxb5
15. Qb3 b6 16. Rfd1 a5 17. a4 Bb4 18. d5 bxa4 19. Rxa4 exd5 20. exd5 Bc5 21.
Bxc5 bxc5 22. Rxa5 Qd6 23. Qc4 Rb8 24. Qxc5 Qxc5 25. Rxc5 Rxb2 26. d6 Rd8 27.
d7 Rbb8 28. Rc7 g6 29. Bh3 Kf8 30. Rc8 Ke7 31. Re1+ Kf8 32. Rc7 Ra8 33. Bg2
Rab8 34. Bb7 Nd5 35. Rc8 Ne7 36. Rxb8 Rxb8 37. Bc8 Nc6 38. Re8+ Kg7 39. d8=Q
Nxd8 40. Rxd8 Rb2 41. Ba6 Rc2 42. Rd7 Rc6 43. Bb5 Rc5 44. Rb7 h5 45. Be8 Rf5
46. Kg2 g5 47. f3 Rf6 48. h4 gxh4 49. gxh4 Kg6 50. Kg3 Rf5 51. f4 Rf6 52. Ba4
Rf5 53. Bc2 1-0

[Event "Seniors Urfo Championship 2019 blitz"]
[Site "?"]
[Date "2019.04.06"]
[Round "3.1"]
[White "Malkova, Nadezhda"]
[Black "Pozin, Sergey"]
[Result "0-1"]
[WhiteElo "1894"]
[BlackElo "2305"]
[PlyCount "58"]
[EventDate "2019.??.??"]
[EventType "blitz"]

1. d4 Nf6 2. c4 g6 3. Nc3 Bg7 4. e4 d6 5. f3 O-O 6. Be3 Nc6 7. a3 Re8 8. Bd3 e5
9. d5 Nd4 10. Nge2 Nh5 11. O-O c5 12. b4 b6 13. Rb1 f5 14. bxc5 bxc5 15. Bf2 f4
16. Nxd4 exd4 17. Ne2 g5 18. Qd2 g4 19. fxg4 Bxg4 20. Nxf4 Qg5 21. g3 Be5 22.
Be1 Rf8 23. Nxh5 Qxh5 24. Rxf8+ Rxf8 25. Bf1 d3 26. Bg2 Bd4+ 27. Kh1 Be2 28.
Qa5 Bf3 29. Qd2 Bxe4 0-1

[Event "Seniors Urfo Championship 2019 blitz"]
[Site "?"]
[Date "2019.04.06"]
[Round "3.2"]
[White "Bogachev, Victor"]
[Black "Simonov, Nikolay"]
[Result "1-0"]
[WhiteElo "1791"]
[BlackElo "2096"]
[PlyCount "40"]
[EventDate "2019.??.??"]
[EventType "blitz"]

1. d4 d5 2. c4 e6 3. Nc3 Nf6 4. Nf3 c6 5. Bg5 h6 6. Bh4 Nbd7 7. e3 Qa5 8. cxd5
Nxd5 9. Qb3 Bb4 10. Rc1 O-O 11. Be2 c5 12. O-O cxd4 13. Nxd4 Nc5 14. Qc4 Bxc3
15. bxc3 b6 16. Qb5 Qxb5 17. Bxb5 Ba6 18. c4 Nb4 19. Bxa6 Nbxa6 20. Be7 Rfe8
1-0

[Event "Seniors Urfo Championship 2019 blitz"]
[Site "?"]
[Date "2019.04.06"]
[Round "3.3"]
[White "Kolomensky, Vladimir"]
[Black "Mukhametnurov, valery"]
[Result "0-1"]
[WhiteElo "2197"]
[BlackElo "1830"]
[PlyCount "30"]
[EventDate "2019.??.??"]
[EventType "blitz"]

1. e4 e6 2. d4 d5 3. Nd2 Nf6 4. e5 Nfd7 5. Bd3 c5 6. c3 Qb6 7. Ne2 Nc6 8. Nf3
Be7 9. O-O O-O 10. Re1 cxd4 11. cxd4 f6 12. Nf4 Nxd4 13. Nxd4 fxe5 14. Ndxe6
Rf6 15. Nxd5 Qxe6 0-1

[Event "Seniors Urfo Championship 2019 blitz"]
[Site "?"]
[Date "2019.04.06"]
[Round "4.2"]
[White "Pozin, Sergey"]
[Black "Simonov, Nikolay"]
[Result "1-0"]
[WhiteElo "2305"]
[BlackElo "2096"]
[PlyCount "63"]
[EventDate "2019.??.??"]
[EventType "blitz"]

1. d4 d5 2. Nf3 e6 3. Bf4 Nf6 4. Nbd2 c5 5. e3 Nc6 6. c3 b6 7. Bb5 Bd7 8. O-O
a6 9. Bd3 Be7 10. Ne5 O-O 11. Qf3 Be8 12. Qh3 Kh8 13. Bg5 g6 14. Bh6 Rg8 15. f4
Nh5 16. Ndf3 f6 17. Nxc6 Bxc6 18. Qxe6 Qd7 19. Qxd7 Bxd7 20. Rae1 Bd6 21. Kf2
Rae8 22. h3 g5 23. g4 gxf4 24. gxh5 fxe3+ 25. Rxe3 Bg3+ 26. Ke2 Bxh3 27. Rg1 f5
28. Ng5 Bg4+ 29. Kd2 Rxg5 30. Rxe8+ Rg8 31. Rxg8+ Kxg8 32. Rxg3 1-0

[Event "Seniors Urfo Championship 2019 blitz"]
[Site "?"]
[Date "2019.04.06"]
[Round "4.3"]
[White "Chalov, Vladimir"]
[Black "Malkova, Nadezhda"]
[Result "1/2-1/2"]
[WhiteElo "1491"]
[BlackElo "1894"]
[PlyCount "68"]
[EventDate "2019.??.??"]
[EventType "blitz"]

1. b4 e5 2. Bb2 f6 3. b5 d5 4. e3 Be6 5. Nf3 Bd6 6. Be2 Ne7 7. O-O O-O 8. c4
dxc4 9. Qc2 a6 10. a4 axb5 11. axb5 Rxa1 12. Bxa1 Nd7 13. Bxc4 Bxc4 14. Qxc4+
Kh8 15. d4 e4 16. Nfd2 Nb6 17. Qc2 f5 18. Nc3 Ned5 19. Nxd5 Nxd5 20. Qc4 Nb4
21. Nb3 Nd3 22. Nc5 Qb8 23. Nxd3 exd3 24. Qxd3 c6 25. g3 cxb5 26. Qxb5 Qc7 27.
Bb2 Qf7 28. Qb6 Qc7 29. Qb3 Rc8 30. Rc1 Qd7 31. Qd5 Rxc1+ 32. Bxc1 Qc6 33. Qxc6
bxc6 34. Bd2 Kg8 1/2-1/2

[Event "Seniors Urfo Championship 2019 blitz"]
[Site "?"]
[Date "2019.04.06"]
[Round "5.1"]
[White "Bogachev, Victor"]
[Black "Pozin, Sergey"]
[Result "0-1"]
[WhiteElo "1791"]
[BlackElo "2305"]
[PlyCount "61"]
[EventDate "2019.??.??"]
[EventType "blitz"]

1. d4 Nf6 2. c4 g6 3. Nc3 Bg7 4. e4 d6 5. h3 O-O 6. Bd3 Nc6 7. Nge2 Nd7 8. Be3
e5 9. d5 Nd4 10. O-O c5 11. Nb5 Qe7 12. f4 Nxb5 13. cxb5 exf4 14. Bxf4 Bxb2 15.
Rb1 Bg7 16. Qd2 Ne5 17. Bc2 Bd7 18. a4 b6 19. Bh6 Rae8 20. Bxg7 Kxg7 21. Nf4
Qh4 22. Rbe1 Re7 23. Qf2 Qxf2+ 24. Rxf2 h5 25. Ref1 h4 26. Nd3 Nxd3 27. Bxd3 f6
28. Rf4 Re5 29. Rxh4 g5 30. Rg4 Bxg4 31. hxg4 0-1

[Event "Seniors Urfo Championship 2019 blitz"]
[Site "?"]
[Date "2019.04.06"]
[Round "5.2"]
[White "Gurianov, Nikolai"]
[Black "Mukhametnurov, Valery"]
[Result "0-1"]
[WhiteElo "1526"]
[BlackElo "1830"]
[PlyCount "88"]
[EventDate "2019.??.??"]
[EventType "blitz"]

1. e4 e6 2. d4 d5 3. e5 c5 4. c3 Qb6 5. Qb3 Nd7 6. Qxb6 Nxb6 7. Be3 cxd4 8.
Bxd4 Nd7 9. Nf3 Ne7 10. Bb5 Nc6 11. Nbd2 g6 12. O-O Bg7 13. Bxc6 bxc6 14. Nb3
a5 15. Rfe1 O-O 16. Nc5 Rb8 17. b3 Re8 18. Nxd7 Bxd7 19. Bc5 Rb5 20. Bd6 f6 21.
exf6 Bxf6 22. Be5 Kf7 23. Rad1 a4 24. bxa4 Rb2 25. Bxf6 Kxf6 26. Ne5 Ke7 27.
Rb1 Reb8 28. Rxb2 Rxb2 29. Nd3 Rxa2 30. Nc5 Kd6 31. Nb7+ Kc7 32. Nc5 Rc2 33. g3
Rxc3 34. Nxe6+ Bxe6 35. Rxe6 Kd7 36. Re3 Rxe3 37. fxe3 Kc7 38. Kf2 Kb6 39. Ke2
Ka5 40. Kd3 Kxa4 41. e4 dxe4+ 42. Kxe4 Kb4 43. Kd3 c5 44. g4 Kb3 0-1

[Event "Seniors Urfo Championship 2019 blitz"]
[Site "?"]
[Date "2019.04.06"]
[Round "5.3"]
[White "Malkova, Nadezhda"]
[Black "Grigoryeva, Olga"]
[Result "1-0"]
[WhiteElo "1894"]
[BlackElo "1697"]
[PlyCount "153"]
[EventDate "2019.??.??"]
[EventType "blitz"]

1. d4 d5 2. c4 c6 3. Nc3 Nf6 4. e3 Bf5 5. Nf3 e6 6. Bd3 Bxd3 7. Qxd3 Bb4 8. O-O
Nbd7 9. cxd5 cxd5 10. a3 Be7 11. b4 O-O 12. Bb2 a5 13. b5 Nb6 14. a4 Nc4 15.
Ra2 Rc8 16. Nd2 Nxd2 17. Qxd2 Bb4 18. Qd3 Rc4 19. Ne2 Qc7 20. Rc1 Rc8 21. Rxc4
Qxc4 22. Qxc4 Rxc4 23. Bc1 Ne4 24. f3 Nd6 25. Kf2 Kf8 26. g4 Ke7 27. Kg3 Be1+
28. Kg2 Bb4 29. Ba3 Bxa3 30. Rxa3 Rc2 31. Kf1 Nc4 32. Rc3 Rxc3 33. Nxc3 Nxe3+
34. Ke2 Nc2 35. Kd3 Nb4+ 36. Ke3 Kd6 37. f4 f6 38. h4 b6 39. h5 Nc2+ 40. Kd3
Ne1+ 41. Ke2 Ng2 42. Kf3 Nh4+ 43. Kg3 g5 44. hxg6 Nxg6 45. f5 Ne7 46. Kf4 e5+
47. dxe5+ fxe5+ 48. Kg5 d4 49. Ne4+ Kd5 50. Nf6+ Kc4 51. Nxh7 Nd5 52. f6 Nxf6
53. Nxf6 d3 54. Ne4 Kd4 55. Nd2 Ke3 56. Nc4+ Ke2 57. Kf5 Kf3 58. Nxe5+ Ke3 59.
Nxd3 Kxd3 60. g5 Kc4 61. g6 Kb4 62. g7 Kxa4 63. g8=Q Kxb5 64. Ke4 Kb4 65. Kd3
a4 66. Kc2 b5 67. Kb2 Ka5 68. Qd5 Kb6 69. Ka3 Ka5 70. Qc5 Ka6 71. Kb4 a3 72.
Kxa3 Ka5 73. Kb3 Ka6 74. Kb4 Kb7 75. Kxb5 Ka8 76. Qe7 Kb8 77. Kb6 1-0

[Event "Seniors Urfo Championship 2019 blitz"]
[Site "?"]
[Date "2019.04.06"]
[Round "6.1"]
[White "Pozin, Sergey"]
[Black "Mukhametnurov, Valery"]
[Result "1-0"]
[WhiteElo "2305"]
[BlackElo "1830"]
[PlyCount "39"]
[EventDate "2019.??.??"]
[EventType "blitz"]

1. d4 Nf6 2. Nf3 e6 3. Bf4 d5 4. Nbd2 Bd6 5. Bg3 c5 6. e3 Nc6 7. c3 O-O 8. Bd3
b6 9. Ne5 Bb7 10. O-O Qc7 11. f4 Rad8 12. Bh4 Be7 13. Qf3 Ne4 14. Bxe7 Nxd2 15.
Qh3 f5 16. Bxd8 Qxd8 17. Rfd1 Ne4 18. Nxc6 Bxc6 19. Bxe4 dxe4 20. dxc5 1-0

[Event "Seniors Urfo Championship 2019 blitz"]
[Site "?"]
[Date "2019.04.06"]
[Round "6.2"]
[White "Bogachev, Victor"]
[Black "Kolomensky, Vladimir"]
[Result "0-1"]
[WhiteElo "1791"]
[BlackElo "2197"]
[PlyCount "50"]
[EventDate "2019.??.??"]
[EventType "blitz"]

1. d4 Nf6 2. c4 e6 3. Nf3 Bb4+ 4. Bd2 Qe7 5. e3 O-O 6. Bd3 Bxd2+ 7. Qxd2 d6 8.
Nc3 e5 9. e4 Bg4 10. d5 Nbd7 11. h3 Bxf3 12. gxf3 Nh5 13. Ne2 Qf6 14. Qe3 a5
15. O-O-O Nf4 16. Nxf4 exf4 17. Qd2 Ne5 18. Be2 a4 19. h4 a3 20. Rdg1 axb2+ 21.
Qxb2 Ra7 22. Rg5 g6 23. Rhg1 Kh8 24. h5 h6 25. hxg6 hxg5 0-1

[Event "Seniors Urfo Championship 2019 blitz"]
[Site "?"]
[Date "2019.04.06"]
[Round "6.3"]
[White "Beresten, Iurii"]
[Black "Malkova, Nadezhda"]
[Result "1-0"]
[WhiteElo "1250"]
[BlackElo "1894"]
[PlyCount "35"]
[EventDate "2019.??.??"]
[EventType "blitz"]

1. e4 e6 2. d4 d5 3. e5 c5 4. dxc5 Bxc5 5. Qg4 g6 6. Nf3 Qb6 7. Qg3 Ne7 8. Bd3
Nbc6 9. O-O Bd7 10. a3 a5 11. Nc3 Qa7 12. Na4 Nxe5 13. Qxe5 Bxa4 14. Qxh8+ Kd7
15. Qxh7 f5 16. Ne5+ Kd6 17. Bf4 Bd4 18. Nxg6+ 1-0

[Event "Seniors Urfo Championship 2019 blitz"]
[Site "?"]
[Date "2019.04.06"]
[Round "7.1"]
[White "Kolomensky, Vladimir"]
[Black "Pozin, Sergey"]
[Result "0-1"]
[WhiteElo "2197"]
[BlackElo "2305"]
[PlyCount "65"]
[EventDate "2019.??.??"]
[EventType "blitz"]

1. e4 c5 2. Nf3 d6 3. d4 cxd4 4. Nxd4 Nf6 5. Nc3 Nc6 6. Bg5 Bd7 7. Qd2 Rc8 8.
O-O-O Nxd4 9. Qxd4 Qa5 10. Bd2 Qc7 11. Bg5 a6 12. Bd3 Qa5 13. Bd2 e5 14. Qe3
Be6 15. a3 Qc7 16. f4 Be7 17. f5 Bc4 18. Kb1 O-O 19. g4 d5 20. exd5 Nxd5 21.
Nxd5 Bxd5 22. Rhe1 Rfe8 23. Be4 Bg5 24. Qd3 Bxe4 25. Qxe4 Bxd2 26. Rxd2 Rcd8
27. Red1 Rxd2 28. Rxd2 f6 29. h4 h6 30. c3 b5 31. Kc2 Kh7 32. g5 hxg5 33. hxg5
0-1

[Event "Seniors Urfo Championship 2019 blitz"]
[Site "?"]
[Date "2019.04.06"]
[Round "7.2"]
[White "Mukhametnurov, Valery"]
[Black "Beresten, Iurii"]
[Result "1-0"]
[WhiteElo "1830"]
[BlackElo "1250"]
[PlyCount "69"]
[EventDate "2019.??.??"]
[EventType "blitz"]

1. d4 d5 2. c4 dxc4 3. e3 e6 4. Bxc4 Nf6 5. Nc3 Be7 6. Nf3 O-O 7. Qe2 a6 8. O-O
b5 9. Bd3 Bb7 10. e4 c5 11. dxc5 Bxc5 12. Rd1 Qc7 13. Bg5 Be7 14. Rac1 Qb6 15.
e5 Nd5 16. Nxd5 Bxd5 17. Bxe7 Re8 18. Bd6 Nd7 19. Rc7 Rad8 20. b3 f6 21. Rcc1
fxe5 22. Bc7 Bxf3 23. Qxf3 Qa7 24. Bxd8 Rxd8 25. Qh3 Nf6 26. Qxe6+ Kh8 27. Rc8
Rxc8 28. Qxc8+ Ng8 29. Qf5 Nf6 30. Qxe5 h6 31. Bg6 Qa8 32. Qe7 Qc6 33. Rd8+ Ng8
34. Rxg8+ Kxg8 35. Qd8+ 1-0

[Event "Seniors Urfo Championship 2019 blitz"]
[Site "?"]
[Date "2019.04.06"]
[Round "7.3"]
[White "Sakhautdinov, Gazizjan"]
[Black "Grigoryeva, Olga"]
[Result "0-1"]
[WhiteElo "1395"]
[BlackElo "1697"]
[PlyCount "106"]
[EventDate "2019.??.??"]
[EventType "blitz"]

1. d4 d5 2. Nf3 Nf6 3. e3 Bf5 4. b3 e6 5. Bb2 Nbd7 6. Be2 h6 7. h3 Bb4+ 8. c3
Bd6 9. Nbd2 O-O 10. c4 c6 11. O-O Qe7 12. Ne5 Ne4 13. Ndf3 f6 14. Nxd7 Qxd7 15.
c5 Bc7 16. g4 Bg6 17. Nh4 Bh7 18. Bf3 g5 19. Ng2 f5 20. b4 Rae8 21. a3 e5 22.
dxe5 Bxe5 23. Bxe5 Rxe5 24. Qd4 Qe7 25. Ra2 Nf6 26. gxf5 Bxf5 27. Kh2 Qc7 28.
Kh1 Bxh3 29. Rg1 Ne4 30. Bxe4 Rxe4 31. Qd2 Kh8 32. Qe2 Bxg2+ 33. Rxg2 Rh4+ 34.
Kg1 Qf7 35. Rg4 Rxg4+ 36. Qxg4 Qf3 37. Qxf3 Rxf3 38. Kg2 g4 39. Ra1 Kg7 40. a4
h5 41. Rh1 Kg6 42. b5 Rf7 43. Kg3 Kg5 44. b6 axb6 45. cxb6 h4+ 46. Kg2 h3+ 47.
Kh2 Rxf2+ 48. Kg1 Ra2 49. Rh2 Rxa4 50. Re2 g3 51. Kf1 Ra1+ 52. Re1 g2+ 53. Kf2
Rxe1 0-1

[Event "Seniors Urfo Championship 2019 blitz"]
[Site "?"]
[Date "2019.04.06"]
[Round "8.1"]
[White "Pozin, Sergey"]
[Black "Grigoryeva, Olga"]
[Result "1-0"]
[WhiteElo "2305"]
[BlackElo "1697"]
[PlyCount "57"]
[EventDate "2019.??.??"]
[EventType "blitz"]

1. d4 d5 2. Nf3 Nf6 3. Bf4 c5 4. e3 Nc6 5. Nbd2 e6 6. c3 Be7 7. Ne5 Nxe5 8.
dxe5 Nd7 9. h4 Qc7 10. Qg4 g6 11. Qg3 b6 12. Nf3 h6 13. Bd3 Bb7 14. O-O-O O-O-O
15. Rhe1 a6 16. Kb1 Kb8 17. e4 Ka7 18. exd5 Bxd5 19. Nd2 g5 20. hxg5 hxg5 21.
Bxg5 Bxg5 22. Qxg5 Rhg8 23. Qe7 Rxg2 24. Be4 Rxf2 25. c4 Bc6 26. Bxc6 Qxc6 27.
Ne4 Rf4 28. Qxd8 Rxe4 29. Rxd7+ 1-0

[Event "Seniors Urfo Championship 2019 blitz"]
[Site "?"]
[Date "2019.04.06"]
[Round "8.3"]
[White "Beresten, Iurii"]
[Black "Kolomensky, Vladimir"]
[Result "0-1"]
[WhiteElo "1250"]
[BlackElo "2197"]
[PlyCount "102"]
[EventDate "2019.??.??"]
[EventType "blitz"]

1. e4 c5 2. d4 cxd4 3. Qxd4 Nc6 4. Qd1 Nf6 5. Bc4 e6 6. Nc3 Bb4 7. Bd3 d5 8.
exd5 Nxd5 9. Bd2 Nxc3 10. Bxc3 Bxc3+ 11. bxc3 Qf6 12. Qd2 O-O 13. Nf3 Rd8 14.
O-O b6 15. c4 Ba6 16. Rab1 Bxc4 17. Qe3 Bxd3 18. cxd3 Rd5 19. Rbc1 Nb4 20. d4
Nxa2 21. Rc7 a5 22. h3 Nb4 23. Rfc1 h6 24. Ne5 Rf8 25. Rb7 b5 26. Nd7 Rxd7 27.
Rxd7 Nd5 28. Qd3 b4 29. Ra7 Qg5 30. Rd1 Nf4 31. Qf3 b3 32. Rxa5 Nxh3+ 33. Qxh3
Qxa5 34. Qxb3 Rd8 35. Qd3 Qd5 36. f3 e5 37. Qe4 Qxe4 38. fxe4 exd4 39. Kf2 f6
40. Kf3 Kf7 41. g4 Ke6 42. Kf4 g5+ 43. Kf3 Ke5 44. Rb1 d3 45. Rb5+ Kd4 46. Rb4+
Kc3 47. Rb7 d2 48. Rc7+ Kb4 49. Rb7+ Kc5 50. Rc7+ Kb6 51. Rf7 d1=Q+ 0-1

[Event "Seniors Urfo Championship 2019 blitz"]
[Site "?"]
[Date "2019.04.06"]
[Round "9.1"]
[White "Chalov, Vladimir"]
[Black "Pozin, Sergey"]
[Result "0-1"]
[WhiteElo "1491"]
[BlackElo "2305"]
[PlyCount "62"]
[EventDate "2019.??.??"]
[EventType "blitz"]

1. b4 Nf6 2. Nf3 g6 3. e3 Bg7 4. Bb2 O-O 5. Be2 d6 6. O-O e5 7. b5 Nbd7 8. a4
Re8 9. c4 e4 10. Ne1 Ne5 11. d3 exd3 12. Nxd3 Nxc4 13. Bc3 Bf5 14. Nf4 Ne5 15.
Na3 Qe7 16. Re1 Rad8 17. Nc4 Ne4 18. Bd4 c5 19. bxc6 bxc6 20. Qc1 Nxc4 21. Bxc4
d5 22. Bxg7 Kxg7 23. Be2 c5 24. Bb5 Rf8 25. Rd1 Qe5 26. Qa3 Nc3 27. Rdc1 d4 28.
Nd3 Ne2+ 29. Kh1 Bxd3 30. Bxd3 Nxc1 31. Rxc1 dxe3 0-1

[Event "Seniors Urfo Championship 2019 blitz"]
[Site "?"]
[Date "2019.04.06"]
[Round "9.2"]
[White "Mukhametnurov, Valery"]
[Black "Simonov, Nikolay"]
[Result "0-1"]
[WhiteElo "1830"]
[BlackElo "2096"]
[PlyCount "64"]
[EventDate "2019.??.??"]
[EventType "blitz"]

1. d4 d5 2. c4 e6 3. Nf3 Nf6 4. Nc3 c6 5. e3 Nbd7 6. Bd3 Bd6 7. O-O O-O 8. Qe2
b6 9. e4 dxc4 10. Bxc4 e5 11. Rd1 Qe7 12. Bg5 Bb7 13. Bh4 b5 14. Bb3 b4 15. Na4
exd4 16. Rxd4 c5 17. Rd2 Qxe4 18. Qxe4 Nxe4 19. Rxd6 Nxd6 20. Rd1 Bxf3 21. Rxd6
Ne5 22. Bg3 c4 23. Bxe5 cxb3 24. gxf3 Rfe8 25. Bd4 bxa2 26. b3 Re1+ 27. Kg2
a1=Q 28. Bxa1 Rxa1 29. Rd4 a5 30. Rd3 g6 31. Nc5 Rc8 32. Nb7 Rc3 0-1

[Event "Seniors Urfo Championship 2019 blitz"]
[Site "?"]
[Date "2019.04.06"]
[Round "9.3"]
[White "Grigoryeva, Olga"]
[Black "Bogachev, Victor"]
[Result "1/2-1/2"]
[WhiteElo "1697"]
[BlackElo "1791"]
[PlyCount "66"]
[EventDate "2019.??.??"]
[EventType "blitz"]

1. e4 c6 2. c4 d6 3. Nc3 Nf6 4. d4 Nbd7 5. f4 e5 6. Nf3 exd4 7. Qxd4 Qb6 8. Be2
Qxd4 9. Nxd4 Nc5 10. e5 dxe5 11. fxe5 Ng4 12. Bf4 Ne6 13. Nxe6 Bxe6 14. h3 Nh6
15. O-O Bc5+ 16. Kh2 Nf5 17. Ne4 Bd4 18. Nd6+ Nxd6 19. exd6 Kd7 20. Rad1 Bc5
21. a3 a5 22. g4 Rhe8 23. Rd2 g6 24. Rb1 a4 25. Rbd1 f5 26. Kg3 fxg4 27. hxg4
Bf7 28. Bd3 Be6 29. Bf1 Bf7 30. g5 h5 31. Bd3 Re4 32. Bf1 Rd4 33. Bd3 Re4
1/2-1/2